Governance of megacities: (Record no. 91262)

MARC details
000 -LEADER
fixed length control field 00802nam a22002177a 4500
010 ## - LCCN (DPL NO)
LC control number ENG-112110 ENG-137210
020 ## - INTERNATIONAL STANDARD BOOK NUMBER
International Standard Book Number 9780199454136
Terms of availability 895.00
020 ## - INTERNATIONAL STANDARD BOOK NUMBER
International Standard Book Number 0199454132
Terms of availability 895.00
035 ## - SYSTEM CONTROL NUMBER
System control number EN-95642 EN-120742
037 ## - SOURCE OF ACQUISITION
Source of stock number/acquisition DBAD/PUB
082 ## - DEWEY DECIMAL CLASSIFICATION NUMBER
Classification number 320.850954
100 ## - MAIN ENTRY--PERSONAL NAME
Personal name Sivaramakrishnan, K.C.
245 ## - TITLE STATEMENT
Title Governance of megacities:
Remainder of title fractured thinking, fragmented setup /
Statement of responsibility, etc by K.C. Sivaramakrishnan
260 ## - PUBLICATION, DISTRIBUTION, ETC. (IMPRINT)
Place of publication, distribution, etc New Delhi
Name of publisher, distributor, etc Oxford University Press
Date of publication, distribution, etc 2015
270 ## - ADDRESS
Address YMCA Library Building, 1, Jai Singh Road,
City New Delhi
Postal code 110001
300 ## - PHYSICAL DESCRIPTION
Extent xli,326p. :
Dimensions 23cm(Hb)
Other physical details ill.,maps
500 ## - GENERAL NOTE
General note Includes bibliographical references and index
650 ## - SUBJECT ADDED ENTRY--TOPICAL TERM
Topical term or geographic name as entry element Metropolitan government
Geographic subdivision India.
650 ## - SUBJECT ADDED ENTRY--TOPICAL TERM
Topical term or geographic name as entry element City planning
Geographic subdivision India.
942 ## - ADDED ENTRY ELEMENTS (KOHA)
Source of classification or shelving scheme Dewey Decimal Classification
Item type English Books
Call number suffix SIV
Classification part 320.850954
Holdings
Withdrawn status Lost status Not for loan Collection code Home library Current library Date acquired Source of acquisition Cost, normal purchase price Full call number Barcode Copy number Cost, replacement price Koha item type
      Non-fiction Bawana Bawana 28/06/2023 DBAD/PUB 895.00 320.850954 SIV EN-120742 1 895.00 English Books
    Not For Loan Non-fiction D.B.Act.Division D.B.Act.Division 06/02/2015 DBAD/PUB 895.00 320.850954 SIV EN-95642 1 895.00 English Books

© Delhi Public Library
Hit Counter
free hit counter